| 000 | 00375nam a2200145 a 4500 | ||
|---|---|---|---|
| 001 | 4896 | ||
| 003 | CDMR | ||
| 005 | 20130318101938.0 | ||
| 008 | 130130s1997||||||||||||||||||||||||||||d | ||
| 040 |
_aCDMR _bcat _cCPC LLEIDA |
||
| 245 | 0 | 0 |
_aIndíbil i Mandoni _b: reis i guerrers |
| 260 |
_aLleida _c1997 _bAjuntament de Lleida |
||
| 500 | _aCatàleg d'exposició | ||
| 942 |
_cMON _2ddc |
||
| 999 |
_c4896 _d4896 |
||